[Event "United States Championship 2006"]
[Site "San Diego USA"]
[Date "2006.03.10"]
[Round "8"]
[White "Tuvshintugs, B."]
[Black "Zatonskih, A."]
[Result "0-1"]
[WhiteElo "2208"]
[BlackElo "2433"]
[PlyCount "72"]
[EventDate "2006.??.??"]

1. e4 e6 2. d4 d5 3. Nc3 h6 4. Bd3 Nc6 5. Nf3 Nb4 6. Bb5+ c6 7. Be2 Nf6 8. e5
Ne4 9. O-O c5 10. Be3 Nc6 11. Bd3 Nxc3 12. bxc3 c4 13. Be2 Qa5 14. Bd2 Bd7 15.
Ne1 Ba3 16. Rb1 O-O-O 17. f4 f5 18. exf6 gxf6 19. Bg4 Bd6 20. Rb2 Qc7 21. Qf3
Ne7 22. Qe2 f5 23. Bh5 Rh7 24. g3 Rg7 25. Ng2 Ng8 26. Rfb1 b6 27. Rf1 Nf6 28.
Bf3 Kb8 29. Kh1 Rh8 30. Bh5 Ba4 31. Ne1 Qc8 32. Rb1 Ne4 33. Rf3 Rhg8 34. Rb2
Qd8 35. Kg2 Qh4 36. Re3 Nxg3 0-1

[Event "United States Championship 2006"]
[Site "San Diego USA"]
[Date "2006.03.10"]
[Round "8"]
[White "Zenyuk, I."]
[Black "Florean, A."]
[Result "0-1"]
[WhiteElo "2194"]
[BlackElo "2426"]
[PlyCount "110"]
[EventDate "2006.??.??"]

1. d4 Nf6 2. Nf3 g6 3. c4 Bg7 4. Nc3 O-O 5. e4 d6 6. Be2 c5 7. O-O Nc6 8. d5
Na5 9. a3 b6 10. Rb1 e5 11. b4 Nb7 12. Ne1 Ne8 13. Nd3 f5 14. exf5 gxf5 15. Bb2
Bd7 16. Kh1 Qc7 17. f4 cxb4 18. axb4 a5 19. fxe5 dxe5 20. d6 Qxd6 21. c5 bxc5
22. bxc5 Qe6 23. Na4 Bc6 24. Nxe5 Bxe5 25. Nb6 Rd8 26. Bc4 Qxc4 27. Nxc4 Rxd1
28. Rfxd1 Bxb2 29. Rxb2 Nxc5 30. Nxa5 Be4 31. Rb8 Nd3 32. Rf1 Nf6 33. Rxf8+
Kxf8 34. Nc4 Ke7 35. Kg1 Nd5 36. Ra1 Kf6 37. Nd2 N5f4 38. Ra6+ Kg5 39. Nf3+
Bxf3 40. gxf3 Ng6 41. Ra3 Nde5 42. Kg2 Nh4+ 43. Kg3 Nhxf3 44. Rxf3 Nxf3 45.
Kxf3 f4 46. Kf2 Kf5 47. Kf3 Ke5 48. Kf2 Ke4 49. Ke2 f3+ 50. Kf2 Kf4 51. Kf1 Ke3
52. Ke1 f2+ 53. Kf1 Kf3 54. h3 Kg3 55. h4 h5 0-1

[Event "United States Championship 2006"]
[Site "San Diego USA"]
[Date "2006.03.10"]
[Round "8"]
[White "Fernandez, D."]
[Black "Gonzalez, R."]
[Result "1-0"]
[WhiteElo "2423"]
[BlackElo "2470"]
[PlyCount "49"]
[EventDate "2006.??.??"]

1. d4 d5 2. c4 c6 3. Nc3 Nf6 4. Nf3 dxc4 5. a4 Bg4 6. Ne5 Bh5 7. f3 Nfd7 8.
Nxc4 e5 9. Be3 Bb4 10. g4 Bg6 11. dxe5 O-O 12. h4 h6 13. g5 h5 14. Bh3 Qe7 15.
f4 Rd8 16. Qc1 Nc5 17. f5 Nb3 18. Qb1 Nxa1 19. fxg6 Nb3 20. O-O Rf8 21. Rf6 Bc5
22. gxf7+ Rxf7 23. Qg6 Na6 24. Rxf7 Qxf7 25. Be6 1-0

[Event "United States Championship 2006"]
[Site "San Diego USA"]
[Date "2006.03.10"]
[Round "8"]
[White "Schneider, D."]
[Black "Stripunsky, A."]
[Result "0-1"]
[WhiteElo "2486"]
[BlackElo "2564"]
[PlyCount "126"]
[EventDate "2006.??.??"]

1. e4 c5 2. Nf3 e6 3. Nc3 a6 4. g3 b5 5. Bg2 Bb7 6. d3 d6 7. O-O Be7 8. e5 dxe5
9. Nxe5 Bxg2 10. Kxg2 Nd7 11. Nxd7 Qxd7 12. Qf3 Rc8 13. a4 b4 14. Ne4 Nf6 15.
Bf4 O-O 16. b3 Nxe4 17. Qxe4 Bf6 18. Be5 Bxe5 19. Qxe5 Qd5+ 20. Qxd5 exd5 21.
Rfe1 Rfe8 22. Kf1 g5 23. h3 Re6 24. Re2 Kg7 25. Rae1 Kf6 26. Re3 Rce8 27. Rf3+
Kg6 28. Rfe3 Rxe3 29. fxe3 f5 30. g4 Re5 31. gxf5+ Rxf5+ 32. Kg2 h5 33. Re2 Re5
34. Kf3 Re6 35. Kg2 a5 36. Kf3 Re7 37. Re1 Re8 38. Re2 Re6 39. Re1 Rf6+ 40. Kg2
Rc6 41. Kf3 Kf6 42. Re2 Ke5 43. Rg2 Kf5 44. e4+ dxe4+ 45. dxe4+ Kg6 46. Rd2 c4
47. Rd5 cxb3 48. cxb3 Rc3+ 49. Kg2 Rxb3 50. Rxa5 Rb2+ 51. Kf3 h4 52. Ra6+ Kh5
53. Ra8 Rh2 54. Rh8+ Kg6 55. Rg8+ Kf6 56. Kg4 Rg2+ 57. Kh5 g4 58. a5 gxh3 59.
Rf8+ Ke7 60. Rf1 h2 61. Rh1 b3 62. a6 Ra2 63. a7 b2 0-1

[Event "United States Championship 2006"]
[Site "San Diego USA"]
[Date "2006.03.10"]
[Round "8"]
[White "Kraai, J."]
[Black "Baginskaite, C."]
[Result "1-0"]
[WhiteElo "2443"]
[BlackElo "2299"]
[PlyCount "109"]
[EventDate "2006.??.??"]

1. Nf3 d5 2. c4 e6 3. d4 Nf6 4. Nc3 Bb4 5. e3 O-O 6. Bd2 c5 7. a3 Bxc3 8. Bxc3
Ne4 9. Rc1 Nxc3 10. Rxc3 cxd4 11. Qxd4 Nc6 12. Qd2 dxc4 13. Qxd8 Rxd8 14. Bxc4
Bd7 15. Ke2 Rac8 16. Rhc1 Kf8 17. Bd3 h6 18. b4 Ne7 19. Be4 Rxc3 20. Rxc3 Rc8
21. Kd2 Bc6 22. Bxc6 Rxc6 23. e4 Ke8 24. Nd4 Rxc3 25. Kxc3 Kd7 26. f4 Nc6 27.
Nb3 b5 28. e5 Ne7 29. Kd4 Kc6 30. g4 Kb6 31. Ke4 g6 32. Nd4 Nc6 33. Nc2 a5 34.
f5 axb4 35. axb4 g5 36. f6 Kc7 37. h3 Kd7 38. Na3 Nxb4 39. Nxb5 Ke8 40. Nd4 Kf8
41. Nf3 Kg8 42. Ne1 Kh7 43. Nd3 Nd5 44. Nc5 h5 45. gxh5 Kh6 46. Kf3 Kxh5 47.
Nxe6 Nxf6 48. exf6 Kg6 49. Nf8+ Kxf6 50. Kg4 Kg7 51. Nd7 Kh6 52. Ne5 f6 53. Nf3
Kg6 54. Nd4 Kg7 55. Kh5 1-0

[Event "United States Championship 2006"]
[Site "San Diego USA"]
[Date "2006.03.10"]
[Round "8"]
[White "Dlugy, M."]
[Black "Stein, A."]
[Result "1/2-1/2"]
[WhiteElo "2531"]
[BlackElo "2415"]
[PlyCount "69"]
[EventDate "2006.??.??"]

1. d4 Nf6 2. c4 e6 3. Nf3 b6 4. g3 Ba6 5. Qa4 Bb7 6. Bg2 c5 7. dxc5 Bxc5 8. O-O
O-O 9. Nc3 Be7 10. Bf4 Na6 11. Rfd1 Nc5 12. Qc2 Qc8 13. Rd4 d5 14. cxd5 Nxd5
15. Nxd5 Bxd5 16. Ng5 Bxg5 17. Bxg5 Bxg2 18. Kxg2 Qb7+ 19. f3 e5 20. Rc4 e4 21.
Be3 exf3+ 22. exf3 Ne6 23. a4 Rfc8 24. Rc1 Rxc4 25. Qxc4 Rd8 26. b4 h6 27. h4
h5 28. Rc2 Qd7 29. a5 bxa5 30. bxa5 Qd5 31. Qxd5 Rxd5 32. Ra2 a6 33. Bb6 Nc5
34. Rc2 Nb3 35. Rc8+ 1/2-1/2

[Event "United States Championship 2006"]
[Site "San Diego USA"]
[Date "2006.03.10"]
[Round "8"]
[White "Schneider, I."]
[Black "Kleiman, J."]
[Result "1-0"]
[WhiteElo "2376"]
[BlackElo "2279"]
[PlyCount "109"]
[EventDate "2006.??.??"]

1. e4 d5 2. exd5 Qxd5 3. Nc3 Qa5 4. d4 Nf6 5. Bc4 c6 6. Nge2 Bf5 7. Ng3 Bg6 8.
O-O e6 9. f4 Be7 10. Qe2 Qd8 11. Be3 O-O 12. Rad1 Nbd7 13. Bb3 Qa5 14. Bf2 Rae8
15. Qf3 Bd6 16. Kh1 h6 17. Nce2 h5 18. Be1 Qa6 19. Nc3 Ng4 20. Bd2 Ndf6 21.
Nce4 Nxe4 22. Nxe4 Be7 23. Ng3 Qb6 24. c3 a5 25. h3 Nf6 26. f5 exf5 27. Nxf5
Bd8 28. Nd6 a4 29. Nxe8 Rxe8 30. Bxa4 Qxb2 31. Bb3 h4 32. Bc1 Qb1 33. Bg5 Qb2
34. Bc1 Qb1 35. Bg5 Qb2 36. Bxf6 Bxf6 37. Rde1 Rxe1 38. Rxe1 Qd2 39. Qe3 Qb2
40. Qe8+ Kh7 41. Bxf7 Bxf7 42. Qxf7 Kh6 43. Qc4 Qc2 44. Rf1 b5 45. Qxc6 b4 46.
Rxf6+ gxf6 47. Qxf6+ Kh5 48. Qe5+ Kg6 49. Qd6+ Kh5 50. cxb4 Qxa2 51. Qe5+ Kh6
52. b5 Kg6 53. Kh2 Qb2 54. Qd6+ Kh5 55. b6 1-0

[Event "United States Championship 2006"]
[Site "San Diego USA"]
[Date "2006.03.10"]
[Round "8"]
[White "Goletiani, R."]
[Black "Bercys, S."]
[Result "1-0"]
[WhiteElo "2378"]
[BlackElo "2358"]
[PlyCount "45"]
[EventDate "2006.??.??"]

1. Nf3 Nf6 2. c4 g6 3. Nc3 Bg7 4. e4 d6 5. d4 O-O 6. Be2 Nbd7 7. O-O e5 8. Be3
c6 9. Qd2 Qe7 10. Bg5 exd4 11. Nxd4 Nc5 12. f3 Re8 13. Kh1 a5 14. Rad1 Be6 15.
Nxe6 Nxe6 16. Be3 Bf8 17. f4 Red8 18. f5 Nc5 19. fxg6 hxg6 20. Bg5 Ncd7 21. Qf4
Bg7 22. Rxd6 Re8 23. Bg4 1-0

[Event "United States Championship 2006"]
[Site "San Diego USA"]
[Date "2006.03.10"]
[Round "8"]
[White "Epstein, E."]
[Black "Vicary, E."]
[Result "1-0"]
[WhiteElo "2178"]
[BlackElo "2107"]
[PlyCount "73"]
[EventDate "2006.??.??"]

1. e4 c5 2. Nf3 Nc6 3. c3 Nf6 4. e5 Nd5 5. d4 cxd4 6. cxd4 d6 7. Bc4 Nb6 8. Bb5
dxe5 9. Nxe5 Bd7 10. Nxd7 Qxd7 11. Nc3 a6 12. Bxc6 Qxc6 13. d5 Qd6 14. Be3 Rd8
15. Bxb6 Qxb6 16. O-O e5 17. Qa4+ Rd7 18. Qg4 Qg6 19. Qc4 b5 20. Qe2 Bd6 21. a4
b4 22. Na2 e4 23. Rac1 O-O 24. Rc4 f5 25. Nxb4 Qh6 26. g3 f4 27. Qg4 Re7 28.
Nc6 Ree8 29. Nd4 e3 30. Nf5 Rxf5 31. Qxf5 e2 32. Re1 f3 33. Qxf3 Qd2 34. Qc3
Qxd5 35. Rc8 Rxc8 36. Qxc8+ Bf8 37. Qxa6 1-0

[Event "United States Championship 2006"]
[Site "San Diego USA"]
[Date "2006.03.10"]
[Round "8"]
[White "Cottrell, K."]
[Black "Lenderman, A."]
[Result "0-1"]
[WhiteElo "1887"]
[BlackElo "2431"]
[PlyCount "64"]
[EventDate "2006.??.??"]

1. d4 d5 2. c4 c6 3. Nf3 Nf6 4. e3 Bf5 5. Nc3 e6 6. Nh4 Be4 7. Nf3 Nbd7 8. cxd5
exd5 9. Bd3 Bb4 10. Qc2 O-O 11. Bd2 Qe7 12. Ng5 Bxd3 13. Qxd3 Bd6 14. Nf3 Ne4
15. O-O f5 16. Rfd1 Rf6 17. Ne2 Rh6 18. Ng3 Bxg3 19. hxg3 Rh1+ 20. Kxh1 Nxf2+
21. Kh2 Nxd3 22. Nh4 Qe4 23. Rf1 Rf8 24. Bc3 Nf6 25. Kh1 Ng4 26. Nf3 Qxe3 27.
Rae1 Nxe1 28. Rxe1 Qf2 29. Re7 f4 30. Be1 Qf1+ 31. Ng1 Rf6 32. gxf4 Rh6+ 0-1

[Event "United States Championship 2006"]
[Site "San Diego USA"]
[Date "2006.03.10"]
[Round "8"]
[White "Kreiman, B."]
[Black "Ivanov, A."]
[Result "1/2-1/2"]
[WhiteElo "2478"]
[BlackElo "2606"]
[PlyCount "160"]
[EventDate "2006.??.??"]

1. e4 e5 2. Nf3 Nc6 3. Bb5 a6 4. Bxc6 dxc6 5. O-O Qd6 6. Na3 Be6 7. Qe2 f6 8.
c3 Bg4 9. Nc4 Qe6 10. Ne3 Bxf3 11. Qxf3 O-O-O 12. Rd1 Nh6 13. d3 g6 14. b4 f5
15. a4 f4 16. Nc4 g5 17. Qe2 Nf7 18. Qa2 Re8 19. b5 cxb5 20. axb5 axb5 21. Qa8+
Kd7 22. Qxb7 Qc6 23. Qxc6+ Kxc6 24. Na5+ Kb6 25. Ba3 Ra8 26. Bxf8 Rhxf8 27. Nb3
c5 28. Kf1 Nd6 29. Ke2 b4 30. cxb4 cxb4 31. Rdc1 Rxa1 32. Rxa1 Nb5 33. Kd2 f3
34. g4 Nd4 35. Nxd4 exd4 36. e5 Re8 37. Re1 Ra8 38. e6 b3 39. Re4 Kc6 40. e7
Kd7 41. Rxd4+ Kxe7 42. Rb4 Ra2+ 43. Ke3 b2 44. Kxf3 Kd6 45. Ke3 Kc5 46. Rb3 Kd5
47. f4 gxf4+ 48. Kxf4 b1=Q 49. Rxb1 Rxh2 50. Rb6 h6 51. Kf5 Rh4 52. Rb8 Kd6 53.
d4 Rh1 54. Rh8 Rh4 55. Rh7 Kd5 56. Rd7+ Kc6 57. Rd8 Kc7 58. Rd5 Kc6 59. Rc5+
Kd6 60. Kf4 Rh1 61. Rh5 Rf1+ 62. Ke4 Re1+ 63. Kf3 Rf1+ 64. Ke3 Re1+ 65. Kd3
Rd1+ 66. Kc3 Rc1+ 67. Kd2 Rg1 68. Rxh6+ Kd5 69. Rg6 Kxd4 70. Ke2 Ke5 71. Kf2
Rh1 72. Kg3 Rh8 73. Ra6 Rh1 74. Rb6 Rh8 75. Rb5+ Kf6 76. Kf4 Rc8 77. Rb6+ Kg7
78. Kg5 Rc5+ 79. Kh4 Rd5 80. g5 Rd1 1/2-1/2

[Event "United States Championship 2006"]
[Site "San Diego USA"]
[Date "2006.03.10"]
[Round "8"]
[White "Fishbein, A."]
[Black "Novikov, I."]
[Result "1/2-1/2"]
[WhiteElo "2519"]
[BlackElo "2575"]
[PlyCount "87"]
[EventDate "2006.??.??"]

1. e4 c5 2. Nf3 d6 3. d4 cxd4 4. Nxd4 Nf6 5. Nc3 a6 6. Be2 e6 7. a4 Be7 8. Be3
Qc7 9. a5 Nbd7 10. O-O O-O 11. f3 b5 12. axb6 Nxb6 13. Bf2 d5 14. e5 Nfd7 15.
f4 Nc5 16. Bd3 Bd7 17. Qe2 Qb7 18. Ra2 Rfc8 19. Be3 Nxd3 20. cxd3 Bb4 21. Qf2
Bxc3 22. bxc3 Na4 23. f5 exf5 24. Nxf5 Bxf5 25. Qxf5 Nxc3 26. Raf2 Rc6 27.
Qxf7+ Qxf7 28. Rxf7 d4 29. Bg5 h6 30. Be7 Nb5 31. Bb4 Re6 32. Rd7 Rxe5 33. Rff7
Rg5 34. h4 Rg4 35. Kh2 a5 36. Kh3 h5 37. Rf5 axb4 38. Rxb5 Ra1 39. Rxh5 Rg6 40.
Kh2 Ra2 41. Rg5 Rxg5 42. hxg5 Kh7 43. Rxd4 Rd2 44. Rxb4 1/2-1/2

[Event "United States Championship 2006"]
[Site "San Diego USA"]
[Date "2006.03.10"]
[Round "8"]
[White "Sarkar, J."]
[Black "Vigorito, D."]
[Result "1-0"]
[WhiteElo "2323"]
[BlackElo "2359"]
[PlyCount "99"]
[EventDate "2006.??.??"]

1. d4 d5 2. c4 c6 3. Nf3 Nf6 4. Nc3 dxc4 5. a4 Bf5 6. Ne5 e6 7. f3 Bb4 8. e4
Bxe4 9. fxe4 Nxe4 10. Bd2 Qxd4 11. Nxe4 Qxe4+ 12. Qe2 Bxd2+ 13. Kxd2 Qd5+ 14.
Kc2 Na6 15. Nxc4 b5 16. axb5 Nb4+ 17. Kc3 cxb5 18. Rd1 Na2+ 19. Kb3 bxc4+ 20.
Kxa2 Qa5+ 21. Kb1 O-O 22. Qxc4 Rab8 23. Bd3 Rfc8 24. Qa2 Qg5 25. g3 a5 26. Rhe1
Rc3 27. Bc4 h5 28. Rc1 Qd2 29. Rxc3 Qxe1+ 30. Rc1 Qf2 31. b3 Qf5+ 32. Qc2 Qe5
33. Ka2 Rd8 34. Rd1 Rxd1 35. Qxd1 g6 36. Qe2 Qc3 37. Qd3 Qf6 38. h4 Qf2+ 39.
Ka3 Qc5+ 40. Kb2 Qf2+ 41. Kc3 Qe1+ 42. Kd4 Kg7 43. Qe3 Qa1+ 44. Qc3 e5+ 45. Kd3
Qb1+ 46. Kd2 Qe4 47. Qe3 Qg2+ 48. Kc1 f6 49. Qa7+ Kh6 50. Bg8 1-0

[Event "United States Championship 2006"]
[Site "San Diego USA"]
[Date "2006.03.10"]
[Round "8"]
[White "Becerra, J."]
[Black "Muhammad, S."]
[Result "1/2-1/2"]
[WhiteElo "2556"]
[BlackElo "2377"]
[PlyCount "137"]
[EventDate "2006.??.??"]

1. e4 e5 2. Nf3 Nc6 3. Bb5 a6 4. Ba4 Nf6 5. O-O Be7 6. Re1 b5 7. Bb3 d6 8. c3
O-O 9. d4 Bg4 10. d5 Na5 11. Bc2 Qc8 12. Nbd2 c6 13. b4 Nb7 14. dxc6 Qxc6 15.
Bb2 Nd8 16. a4 Ne6 17. h3 Bh5 18. Bd3 Nf4 19. Bf1 Bg6 20. g3 Ne6 21. Nh4 Bh5
22. Nf5 Rae8 23. axb5 axb5 24. Qb1 Bg6 25. Nh4 Nxe4 26. Nxe4 Bxh4 27. Ra5 Rb8
28. gxh4 d5 29. c4 bxc4 30. Bxe5 Bxe4 31. b5 Qc5 32. Rxe4 dxe4 33. Bxb8 Rxb8
34. Qxe4 c3 35. Bd3 g6 36. Ra4 Rd8 37. Rc4 Qxb5 38. Rxc3 Qa5 39. Qc4 Rd4 40.
Qb3 Nc5 41. Qb8+ Rd8 42. Qe5 Qa1+ 43. Bf1 Ne4 44. Rc5 Qa7 45. Rc2 Nd2 46. Bg2
Qa3 47. Qg5 Qa1+ 48. Kh2 Qd4 49. h5 h6 50. Qg3 g5 51. Rc6 Kh7 52. Qe3 Qxe3 53.
fxe3 Kg7 54. Rc7 Rd6 55. Kg3 Re6 56. Bd5 Rf6 57. Kg2 Nf1 58. Rc3 Nd2 59. Rd3
Nb1 60. Rb3 Nd2 61. Rb2 Nf1 62. Re2 Rf5 63. Bf3 Rf6 64. e4 Nh2 65. e5 Rxf3 66.
e6 fxe6 67. Rxe6 Rf6 68. Rxf6 Kxf6 69. Kxh2 1/2-1/2

[Event "United States Championship 2006"]
[Site "San Diego USA"]
[Date "2006.03.10"]
[Round "8"]
[White "Airapetian, C."]
[Black "West, V."]
[Result "1-0"]
[WhiteElo "2130"]
[BlackElo "2083"]
[PlyCount "75"]
[EventDate "2006.??.??"]

1. e4 c5 2. Nf3 d6 3. d4 cxd4 4. Nxd4 Nf6 5. Nc3 g6 6. Be3 Bg7 7. f3 Nc6 8. Bc4
O-O 9. Qd2 Bd7 10. O-O-O Rb8 11. g4 b5 12. Bb3 a5 13. Ncxb5 a4 14. Bc4 Ne5 15.
Be2 Nxf3 16. Bxf3 Bxb5 17. Nxb5 Rxb5 18. Bd4 Qb8 19. h4 Rc8 20. c3 a3 21. b3 e5
22. Bf2 d5 23. Qc2 dxe4 24. Be2 Nd5 25. Bxb5 Nb4 26. cxb4 Rxc2+ 27. Kxc2 Qxb5
28. Bc5 h6 29. Rhe1 Qc6 30. Rd6 Qb7 31. h5 gxh5 32. gxh5 f5 33. Rg1 Kh7 34.
Rdg6 Bh8 35. Re6 Qc8 36. Re7+ Bg7 37. Rgxg7+ Kh8 38. Rh7+ 1-0

[Event "United States Championship 2006"]
[Site "San Diego USA"]
[Date "2006.03.10"]
[Round "8"]
[White "Liu, E."]
[Black "Itkis, H."]
[Result "1-0"]
[WhiteElo "2139"]
[BlackElo "2105"]
[PlyCount "123"]
[EventDate "2006.??.??"]

1. e4 d6 2. d4 Nf6 3. Nc3 g6 4. Bg5 h6 5. Bh4 Bg7 6. Qd2 Nbd7 7. O-O-O g5 8.
Bg3 Nh5 9. Nge2 c5 10. Nd5 cxd4 11. Nxd4 Ndf6 12. Bb5+ Kf8 13. Rhe1 Nxd5 14.
exd5 Nxg3 15. hxg3 Qb6 16. Re3 Qc5 17. Qc3 Qxd5 18. Bc4 Qc5 19. b4 Qc7 20. Qb3
Bxd4 21. Rxd4 e6 22. f4 a5 23. Rf3 d5 24. Be2 Qb6 25. Qc3 Ke7 26. Rd1 g4 27.
Re3 Rd8 28. Rd4 h5 29. f5 axb4 30. Rxb4 d4 31. Qb2 Qa5 32. Re4 Qxa2 33. fxe6
Qxb2+ 34. Kxb2 fxe6 35. Rb5 Bd7 36. Rxh5 Bc6 37. Rxg4 Bxg2 38. Rh7+ Kf6 39.
Rf4+ Ke5 40. Rh5+ Kd6 41. Rxd4+ Kc6 42. Rb4 Bd5 43. g4 Rf8 44. g5 Rf2 45. Bd3
Ra2+ 46. Kb1 Rd2 47. Kc1 Rg2 48. Rf4 Ra1+ 49. Kb2 Ra2+ 50. Kb1 e5 51. Rf1 Ra4
52. c4 e4 53. cxd5+ Kxd5 54. Bc2 Rb4+ 55. Kc1 Rc4 56. Rd1+ Kc5 57. Rd2 Rg1+ 58.
Kb2 e3 59. g6+ Kc6 60. Re2 Rg3 61. Re5 Rb4+ 62. Kc3 1-0